Environmental education and training: (Record no. 1680259)

MARC details
000 -LEADER
fixed length control field 00825nam a22002537a 4500
003 - CONTROL NUMBER IDENTIFIER
control field OSt
005 - DATE AND TIME OF LATEST TRANSACTION
control field 20260226104821.0
008 - FIXED-LENGTH DATA ELEMENTS--GENERAL INFORMATION
fixed length control field 260226b |||||||| |||| 00| 0 eng d
020 ## - INTERNATIONAL STANDARD BOOK NUMBER
International Standard Book Number 978-81-8220-976-3
037 ## - SOURCE OF ACQUISITION
Terms of availability Textbook
040 ## - CATALOGING SOURCE
Original cataloging agency FEDL
Language of cataloging eng
Transcribing agency FEDL
041 ## - LANGUAGE CODE
Language code of text/sound track or separate title eng
Language code of original eng
082 ## - DEWEY DECIMAL CLASSIFICATION NUMBER
Classification number 363.7 CHA/R
100 ## - MAIN ENTRY--PERSONAL NAME
Personal name Chaudhary, M. A.
9 (RLIN) 1116703
245 ## - TITLE STATEMENT
Title Environmental education and training:
Remainder of title Trend, tradition and transformation/
Statement of responsibility, etc. M. A. Chaudhary; S. M. Tripathi
260 ## - PUBLICATION, DISTRIBUTION, ETC.
Place of publication, distribution, etc. New Delhi
Name of publisher, distributor, etc. Global Vision Publishing House
Date of publication, distribution, etc. India
300 ## - PHYSICAL DESCRIPTION
Extent x, 301p.
365 ## - TRADE PRICE
Price type code INR
Price amount 2500.00
650 ## - SUBJECT ADDED ENTRY--TOPICAL TERM
Topical term or geographic name entry element ENVIRONMENT
9 (RLIN) 1116704
650 ## - SUBJECT ADDED ENTRY--TOPICAL TERM
Topical term or geographic name entry element ENVIRONMENT- EDUCATION
9 (RLIN) 1116705
700 ## - ADDED ENTRY--PERSONAL NAME
Personal name Tripathi, S. M.
9 (RLIN) 1116706
942 ## - ADDED ENTRY ELEMENTS (KOHA)
Source of classification or shelving scheme Dewey Decimal Classification
Koha item type Textbook
Classification part 363.7 CHA/R
Suppress in OPAC No
Holdings
Withdrawn status Lost status Source of classification or shelving scheme Damaged status Not for loan Collection Home library Current library Shelving location Date acquired Total Checkouts Full call number Barcode Date last seen Price effective from Koha item type
    Dewey Decimal Classification     General Department of Education Library Department of Education Library General Stacks 2026-02-26   363.7 CHA/R EL0094993 2026-02-26 2026-02-26 Textbook
Copyright @ Delhi University Library System